U.S States in Alphabetical Order - Statistics

General Stats
  • This quiz has been taken 226 times
  • The average score is 45 of 50
Answer Stats
Hint State % Correct
A Alabama
100%
Alaska
96%
Arkansas
96%
Arizona
94%
G Georgia
94%
K Kansas
94%
C California
93%
Colorado
93%
D Delaware
93%
F Florida
93%
Kentucky
93%
L Louisiana
93%
M Maine
93%
Connecticut
92%
H Hawaii
92%
I Idaho
92%
Indiana
92%
Iowa
92%
Illinois
91%
Maryland
90%
N Nebraska
89%
New Jersey
89%
Virginia
89%
New Mexico
88%
New York
88%
Oregon
88%
P Pennsylvania
88%
S South Carolina
88%
U Utah
88%
W Washington
88%
Massachusetts
87%
Michigan
87%
Montana
87%
Nevada
87%
New Hampshire
87%
O Ohio
87%
R Rhode Island
87%
South Dakota
87%
T Tennessee
87%
V Vermont
87%
West Virginia
87%
Minnesota
86%
Mississippi
86%
Missouri
86%
Oklahoma
86%
Texas
86%
Wyoming
86%
North Carolina
85%
North Dakota
84%
Wisconsin
83%
No matching quizzes found
Score Distribution
Percent of People with Each Score
Percentile by Number Answered
Your Score History
You have not taken this quiz